Command and Control: Support Systems in The Gulf War (Vol-12) / (Record no. 194254)
[ view plain ]
| 000 -LEADER | |
|---|---|
| fixed length control field | 00715 a2200169 4500 |
| 003 - CONTROL NUMBER IDENTIFIER | |
| control field | NUST |
| 005 - DATE AND TIME OF LATEST TRANSACTION | |
| control field | 20221229162439.0 |
| 040 ## - CATALOGING SOURCE | |
| Transcribing agency | Nust |
| 082 ## - DEWEY DECIMAL CLASSIFICATION NUMBER | |
| Classification number | 355.84,RIC |
| 100 ## - MAIN ENTRY--PERSONAL NAME | |
| Personal name | MA Ric |
| 9 (RLIN) | 106428 |
| 245 ## - TITLE STATEMENT | |
| Title | Command and Control: Support Systems in The Gulf War (Vol-12) / |
| Statement of responsibility, etc. | MA Ric and Aj Sammes |
| 250 ## - EDITION STATEMENT | |
| Edition statement | Vol.12 |
| 260 ## - PUBLICATION, DISTRIBUTION, ETC. | |
| Place of publication, distribution, etc. | Uk |
| Name of publisher, distributor, etc. | MA Ric and Aj Sammes |
| 300 ## - PHYSICAL DESCRIPTION | |
| Extent | 139p; |
| 505 ## - FORMATTED CONTENTS NOTE | |
| Formatted contents note | Where We Came From (Page-1), Where We Should Have Been ? (Page-10), Where We Got to (Page-25), How We Got There : 1-Build-Up (Page-29), How We Got There : ii- Deployment and War (Page-63), How We Got There: iii_ The Communicators Story (Page-93), Assessing the Contribution (Page-127). |
| 942 ## - ADDED ENTRY ELEMENTS (KOHA) | |
| Source of classification or shelving scheme | |
| Koha item type | Book |
| Call number prefix | 355.84,RIC |
| Withdrawn status | Lost status | Source of classification or shelving scheme | Damaged status | Not for loan | Permanent Location | Current Location | Shelving location | Date acquired | Full call number | Barcode | Date last seen | Price effective from | Koha item type | Public note |
|---|---|---|---|---|---|---|---|---|---|---|---|---|---|---|
| Military College of Signals (MCS) | Military College of Signals (MCS) | General Stacks | 12/12/2016 | 355.84,RIC | MCS22437 | 12/08/2016 | 12/12/2016 | Book | Almirah No.53, Shelf No.4 |
